| 000 | 00497nam a2200145 a 4500 | ||
|---|---|---|---|
| 001 | 000031920 | ||
| 005 | 20200930063301.0 | ||
| 008 | 110707s2002 dr 000 0 spa d | ||
| 040 |
_aDO-SdBNP _bspa _cBNPHU |
||
| 110 | 1 |
_aBanco Central de la República Dominicana _bDepartamento de Cuentas Nacionales y Estadísticas Económicas _954851 |
|
| 245 | 1 | 0 |
_aEstadística turísticas : _benero-junio 2002. |
| 260 |
_aSanto Domingo : _bBanco Central., _c2002. |
||
| 300 |
_a104 p. ; _c29 cm. |
||
| 049 | _aBNPD | ||
| 999 |
_c31411 _d31411 |
||